000 00963nam a2200313Ia 4500
003 OSt
005 20220912150637.0
006 a|||||r|||| 00| 0
007 ta
008 220909b |||||||| |||| 00| 0 eng d
020 _a0387949216 (hbd)
024 _a6022
037 _bNarosa,
037 _cTextual
040 _aCSL
_beng
_cCSL
041 _aeng
082 _aB2T0b89Q, N7
100 _aBramel Julien
245 0 _aLogic of logistics: Theory algorithms, and applications for logistics management
260 _aNew York
_b Springer Verlag
_c1997
300 _axiii,281p.
_ccm. ill.
490 _aSpringer series in operations research
500 _aBibliographical references 265-276p; Index 277-281p
650 _a Operation research
650 _aOperation research
700 _a Simchi-Levi David
942 _hB2T0b89Q, N7
_cTEXL
_2CC
999 _c51727
_d51727